SOCIOLOGY AND SOCIAL JUSTICE (Record no. 4666)
[ view plain ]
| 000 -LEADER | |
|---|---|
| fixed length control field | 00362nam a22001457a 4500 |
| 008 - FIXED-LENGTH DATA ELEMENTS--GENERAL INFORMATION | |
| fixed length control field | 260421b |||||||| |||| 00| 0 eng d |
| 020 ## - INTERNATIONAL STANDARD BOOK NUMBER | |
| ISBN | 9781526464026 |
| 245 ## - TITLE STATEMENT | |
| Title | SOCIOLOGY AND SOCIAL JUSTICE |
| 260 ## - PUBLICATION, DISTRIBUTION, ETC. (IMPRINT) | |
| Place of publication | LONDON |
| Name of publisher | SAGE |
| Date of publication | 2019 |
| 300 ## - COLLATION | |
| Pagination | XII, 274P. |
| 650 ## - TRACINGS | |
| Main Subject | SOCIOLOGY |
| Subdivision (1st) | SOCIAL JUSTICE |
| 942 ## - ADDED ENTRY ELEMENTS (KOHA) | |
| Item type | Books |
| 050 ## - LIBRARY OF CONGRESS CALL NUMBER | |
| Classification number | HM 586 |
| Item number | .S63 |
| Source of classification or shelving scheme | Not for loan | Permanent location | Current location | Date acquired | Accession No. | Full call number | Barcode. | Copy number | Koha item type |
|---|---|---|---|---|---|---|---|---|---|
| Library of Congress Classification | Samuel Ogbemudia Main Library, University of Abuja | Samuel Ogbemudia Main Library, University of Abuja | 04/21/2026 | 2024/62395 - 96 | HM 586.S63 | 2026-0158 | 2 | Books |